Začlenenie jednotného mechanizmu dohľadu do organizačnej štruktúry ECB
Finančný trh Európy v minulom období prešiel určitými fázami, ktoré viedli k myšlienke vytvorenia bankovej únie. Banková únia predstavuje významný krok smerom ku skutočnej hospodárskej a menovej únii, pričom má pozostávať z troch základných pilierov. Dňa 4. novembra 2014 začal fungovať jednotný mech...
Salvato in:
| Autore principale: | |
|---|---|
| Altri autori: | |
| Natura: | Capitolo di libro |
| Lingua: | slovacco |
| Soggetti: | |
| Tags: |
Nessun Tag, puoi essere il primo ad aggiungerne!!
|
MARC
| LEADER | 00000naa a2200000 4500 | ||
|---|---|---|---|
| 001 | 0196116 | ||
| 005 | 20221020084603.7 | ||
| 041 | 0 | |a slo | |
| 044 | |a SK | ||
| 245 | 1 | 0 | |a Začlenenie jednotného mechanizmu dohľadu do organizačnej štruktúry ECB |c Katarína Barčová, Linda Suchanová |
| 520 | |a Finančný trh Európy v minulom období prešiel určitými fázami, ktoré viedli k myšlienke vytvorenia bankovej únie. Banková únia predstavuje významný krok smerom ku skutočnej hospodárskej a menovej únii, pričom má pozostávať z troch základných pilierov. Dňa 4. novembra 2014 začal fungovať jednotný mechanizmus dohľadu ako jeden z prvých pilierov. Podstata tohto mechanizmu spočíva v jednotnom systéme európskeho bankového dohľadu, ktorým sa má zabezpečiť zdravé fungovanie úverových inštitúcií a stabilita finančného systému. | ||
| 610 | 2 | 0 | |a Európska centrálna banka |
| 610 | 2 | 0 | |a dohľad bankový |
| 610 | 2 | 0 | |a trh finančný |
| 610 | 2 | 0 | |a Európska menová únia |
| 610 | 2 | 0 | |a stabilita finančná |
| 610 | 2 | 0 | |a bankovníctvo |
| 100 | 1 | |a Barčová, Katarína | |
| 700 | 1 | |a Suchanová, Linda | |